00717nam a2200229Ia 4500001000600000003000900006008004100015040001300056040001300069041001300082100002200095100002900117245007500146245006500221250001100286260001200297260001300309260004900322300005500371650003000426650003100456A4247IT-RoPAU130308s9999 xx 000 0 und d aIT-RoPAU cIT-RoPAU aITALIANO aBriganti Giuliano gCodice Aut. SPICS: 2229 aAntonio Canova, la restaurazione e la Russia del tempo di Alessandro I bCanova All'Ermitage-Le sculture del museo di San Pietroburgo a1a ed. aVENEZIA bMarsilio c1991 [1° Ed.:1991 - Ed.Ling.Originale:1991] a"7 p. (prefazione: no ; testo: 7 [pagine: 47-53])" aAUTORI/OPERE DI scultura  eCodice materia Spics: 5257